| 000 | 00641pam a2200205 a 4500 | ||
|---|---|---|---|
| 005 | 20251006093932.0 | ||
| 020 |
_a0256123810 _cTZS 8,000/= |
||
| 040 |
_aMCCL _beng. _eAACR 2nd rev. ed. |
||
| 082 | 0 | 0 | _a658.5 MEL |
| 100 | 1 | _aMelnyk, Steven A. | |
| 245 | 1 | 0 |
_aOperations management : _ba value-driven approach / _cSteven A. Melnyk and David R. Denzler. |
| 260 |
_aChicago : _bIrwin, _cc1996. |
||
| 300 |
_axxxv, 988 p. : _bill. (some col.) ; _c27cm. |
||
| 504 | _aIncludes bibliographical references and index. | ||
| 546 | _aeng. | ||
| 650 | 0 | _aProduction management. | |
| 650 | 0 | _a Management | |
| 700 | 1 | _aDenzler, David R. | |
| 942 | _cBK | ||
| 999 |
_c12002 _d12002 |
||